[Event "World Blitz Women 2025"]
[Site "Doha QAT"]
[Date "2025.12.30"]
[Round "11.55"]
[White "Rudzinska, Michalina"]
[Black "Shubenkova, Veronika"]
[Result "0-1"]
[WhiteTitle "WGM"]
[BlackTitle "WFM"]
[WhiteElo "2206"]
[BlackElo "2013"]
[WhiteFideId "1172883"]
[BlackFideId "44124040"]
[EventDate "2025.12.29"]

1. e4 e6 2. d4 d5 3. Nd2 dxe4 4. Nxe4 Nd7 5. Nf3 Ngf6 6. Nxf6+ Nxf6 7. Be3 Be7
8. Bd3 O-O 9. Qe2 Qd5 10. O-O b6 11. c4 Qh5 12. h3 Bb7 13. Ne5 Qxe2 14. Bxe2
Rfd8 15. Rfd1 Nd7 16. Nf3 Bf6 17. Rac1 h6 18. Bf4 Rac8 19. Rd2 c5 20. d5 e5 21.
Be3 e4 22. Nh2 Ne5 23. Ng4 Nxg4 24. Bxg4 Rc7 25. Bf4 Re7 26. d6 Ree8 27. d7 Rf8
28. Rcd1 Bd4 29. Bc7 Bc6 30. Bxd8 Rxd8 31. b4 h5 32. Bxh5 Rxd7 33. Bg4 Rd8 34.
Kf1 g6 35. Be2 Ba4 36. Rb1 Bd7 37. bxc5 bxc5 38. Rb7 a5 39. Bd1 Be6 40. Be2 Kf8
41. Rd1 a4 42. Rdb1 Be5 43. R7b5 Rd2 44. Rxc5 Bd4 45. Ra5 Rxa2 46. Ke1 Bc3+ 47.
Kf1 Bxa5 48. c5 Bb3 49. Rc1 Rc2 50. Ra1 Rxc5 51. Bg4 f5 52. Be2 Bd2 53. g4 Rc1+
54. Rxc1 Bxc1 0-1

[Event "World Blitz Women 2025"]
[Site "Doha QAT"]
[Date "2025.12.30"]
[Round "11.56"]
[White "Zhapova, Yana"]
[Black "Parnali, S Dharia"]
[Result "1-0"]
[WhiteTitle "FM"]
[BlackTitle "WIM"]
[WhiteElo "2260"]
[BlackElo "2150"]
[WhiteFideId "24278670"]
[BlackFideId "5043131"]
[EventDate "2025.12.29"]

1. e4 e5 2. Nf3 Nc6 3. Bc4 Nf6 4. d3 h6 5. c3 a6 6. a4 Bc5 7. O-O O-O 8. Re1 Re8
9. Nbd2 d5 10. exd5 Nxd5 11. Ne4 Be7 12. Ng3 Bg4 13. h3 Bxf3 14. Qxf3 Nf6 15.
Nf5 Bf8 16. Qg3 Nh5 17. Qg4 Nf6 18. Nxh6+ Kh7 19. Nxf7 Nxg4 20. Nxd8 Raxd8 21.
hxg4 Na5 22. Be3 e4 23. b4 Nxc4 24. dxc4 Rd3 25. Rac1 Kg6 26. c5 c6 27. Bd4 Re6
28. Re2 Kg5 29. Rce1 Kf4 30. g3+ Kf3 31. g5 g6 32. Kh2 Be7 33. Re3+ Rxe3 34.
Rxe3+ Kg4 35. f3+ Kf5 36. f4 Bd8 37. Kh3 Re7 38. Be5 Rh7+ 39. Kg2 Rd7 40. Re2
Rd3 41. Bd4 Bc7 42. Bf6 Rd1 43. Bd4 Rd3 44. Re3 Rd2+ 45. Kh3 Bb8 46. Re1 Bc7 47.
g4+ Kxf4 48. Rf1+ Kxg5 49. Be3+ 1-0

[Event "World Blitz Women 2025"]
[Site "Doha QAT"]
[Date "2025.12.30"]
[Round "11.57"]
[White "Fataliyeva, Ulviyya"]
[Black "Wafa, Shahenda"]
[Result "1/2-1/2"]
[WhiteTitle "IM"]
[BlackTitle "WGM"]
[WhiteElo "2434"]
[BlackElo "2074"]
[WhiteFideId "13403052"]
[BlackFideId "10609962"]
[EventDate "2025.12.29"]

1. Nf3 Nf6 2. c4 b6 3. g3 Bb7 4. Bg2 g6 5. O-O Bg7 6. Nc3 O-O 7. d4 d6 8. Re1
Ne4 9. Bd2 Nxd2 10. Qxd2 e5 11. d5 Nd7 12. e4 h6 13. b4 f5 14. Nh4 Kh7 15. exf5
g5 16. Ng6 Rxf5 17. Be4 Rf6 18. Nxe5+ Kg8 19. Ng4 Rf8 20. Rad1 Ne5 21. Nxe5 Bxe5
22. Bc2 Qf6 23. Ne4 Qg7 24. Qd3 Rae8 25. Re2 Bc8 26. Rde1 Bg4 27. Re3 Bf5 28.
Qe2 Bd4 29. Rf3 Bxe4 30. Rxf8+ Qxf8 31. Bxe4 Rxe4 32. Qxe4 Bxf2+ 33. Kg2 Bxe1
34. Qxe1 Qf6 35. Qe8+ Kg7 36. Qd7+ Qf7 37. Qc6 Qe7 38. Kf2 Qf6+ 39. Ke3 Qe7+ 40.
Kd3 1/2-1/2

[Event "World Blitz Women 2025"]
[Site "Doha QAT"]
[Date "2025.12.30"]
[Round "11.58"]
[White "Preobrazhenskaya, Diana"]
[Black "Khalil, Manar"]
[Result "1-0"]
[WhiteTitle "WFM"]
[BlackTitle "WFM"]
[WhiteElo "2131"]
[BlackElo "1925"]
[WhiteFideId "34270566"]
[BlackFideId "7604661"]
[EventDate "2025.12.29"]

1. e4 c5 2. Nf3 d6 3. d4 cxd4 4. Nxd4 Nf6 5. Nc3 Nc6 6. Bg5 e6 7. Qd3 a6 8.
O-O-O Bd7 9. f4 Be7 10. Be2 Rc8 11. Qg3 Nxd4 12. Rxd4 h6 13. Bxf6 Bxf6 14. e5
dxe5 15. fxe5 Bg5+ 16. Kb1 Qb6 17. Rhd1 Bc6 18. h4 Be7 19. Qxg7 Rf8 20. Bh5 Bxg2
21. Qxg2 Rxc3 22. Rd7 Rc7 23. Qd2 Rc5 24. Rxe7+ 1-0

[Event "World Blitz Women 2025"]
[Site "Doha QAT"]
[Date "2025.12.30"]
[Round "11.59"]
[White "Berikkyzy Alanna"]
[Black "Zhurova, Anna"]
[Result "0-1"]
[WhiteTitle "WFM"]
[BlackTitle "WFM"]
[WhiteElo "2241"]
[BlackElo "2299"]
[WhiteFideId "13780719"]
[BlackFideId "54113075"]
[EventDate "2025.12.29"]

1. e4 c5 2. Nf3 Nc6 3. d4 cxd4 4. Nxd4 Nf6 5. Nc3 g6 6. Bc4 Qb6 7. Nxc6 bxc6 8.
O-O d6 9. h3 Bg7 10. Qe2 O-O 11. Rd1 a5 12. a4 Ba6 13. Bxa6 Qxa6 14. Qf3 Nd7 15.
Bf4 Qc4 16. Rd2 Rab8 17. Nd1 Nc5 18. Re2 Ne6 19. Be3 Bxb2 20. Nxb2 Rxb2 21. Bh6
Nd4 22. Qa3 Nxe2+ 23. Kh2 Rfb8 24. Rd1 Qc3 25. Qa1 Rxc2 0-1

[Event "World Blitz Women 2025"]
[Site "Doha QAT"]
[Date "2025.12.30"]
[Round "11.60"]
[White "Nordahl, Christine"]
[Black "Jimenez Fernandez, Rebeca"]
[Result "1-0"]
[BlackTitle "WFM"]
[WhiteElo "1835"]
[BlackElo "2137"]
[WhiteFideId "1557939"]
[BlackFideId "32070934"]
[EventDate "2025.12.29"]

1. d4 Nf6 2. c4 e6 3. Nc3 Bb4 4. Qc2 c5 5. dxc5 O-O 6. a3 Bxc5 7. Nf3 d5 8. cxd5
exd5 9. Bg5 Be6 10. e3 Nbd7 11. Be2 Rc8 12. O-O h6 13. Bh4 Qc7 14. Rfd1 a6 15.
Rac1 Qb8 16. Bg3 Qa7 17. b4 Bb6 18. Qb2 Rfd8 19. h3 Ne4 20. Bf4 g5 21. Bh2 Bxe3
22. Nxe4 Rxc1 23. Rxc1 dxe4 24. fxe3 Qxe3+ 25. Kh1 exf3 26. Bxf3 Nb6 27. Bg1 Nc4
28. Rxc4 Qe1 29. Rc1 Qg3 30. Bh2 Qh4 31. Qf6 Re8 32. Be5 1-0

[Event "World Blitz Women 2025"]
[Site "Doha QAT"]
[Date "2025.12.30"]
[Round "11.61"]
[White "Karimova, Guldona"]
[Black "Machlik, Monika"]
[Result "0-1"]
[WhiteTitle "WIM"]
[WhiteElo "2288"]
[BlackElo "2084"]
[WhiteFideId "14210410"]
[BlackFideId "1513621"]
[EventDate "2025.12.29"]

1. e4 c6 2. Nf3 d5 3. Nc3 dxe4 4. Nxe4 Nf6 5. Qe2 Nxe4 6. Qxe4 Qa5 7. b4 Qd5 8.
Qe3 Bf5 9. c4 Qe4 10. Be2 Qxe3 11. fxe3 e6 12. a3 a5 13. b5 cxb5 14. cxb5 Nd7
15. d4 Be7 16. Bb2 O-O 17. O-O Rfc8 18. Rac1 Bc2 19. Nd2 Nb6 20. Bf3 Rab8 21.
Be4 Bxe4 22. Nxe4 Na4 23. Rxc8+ Rxc8 24. Rc1 Rxc1+ 25. Bxc1 f5 26. Nd2 Nc3 27.
Kf2 Nxb5 28. Nc4 a4 29. Ke2 Nd6 30. Nb6 Nb5 31. Nxa4 Nxa3 32. Nb6 Nb5 33. Kd3
Kf7 34. Kc4 Nd6+ 35. Kd3 Ne4 36. Bb2 Nf2+ 37. Ke2 Ne4 38. Kd3 Nf2+ 39. Ke2 Ne4
40. Kd3 g5 41. g3 Nf2+ 42. Ke2 Ne4 43. Kd3 g4 44. Nc8 h5 45. Nb6 h4 46. gxh4
Bxh4 47. Nd7 Bf6 48. Nxf6 Nxf6 49. Bc3 Ne4 50. Be1 Kg6 51. Kc4 Kf7 52. Kb5 Nd6+
53. Kc5 Ne4+ 54. Kb6 Nd6 55. Kc7 Nc4 56. Bf2 b5 57. Kc6 b4 58. Kb5 b3 59. Kxc4
b2 60. d5 exd5+ 61. Kd3 b1=Q+ 62. Kd4 Qd1+ 63. Ke5 Qf3 64. Bg1 Qe4+ 65. Kd6 f4
66. exf4 Qxf4+ 67. Kxd5 Qf3+ 68. Ke5 Kg6 69. Ke6 Qe4+ 70. Kd6 Qd3+ 71. Ke5 Qe2+
72. Kf4 Qf1+ 73. Kxg4 Qxg1+ 74. Kh3 Qe3+ 75. Kg2 Qg5+ 76. Kh1 Qh5 77. Kg2 Kg5
78. h3 Kh4 79. Kf2 Qf5+ 80. Ke3 Qe5+ 81. Kf3 Qb5 82. Kg2 Qb3 83. Kh2 Qc2+ 84.
Kg1 Kg3 85. Kf1 Qf2# 0-1

[Event "World Blitz Women 2025"]
[Site "Doha QAT"]
[Date "2025.12.30"]
[Round "11.62"]
[White "Sawan, Eman"]
[Black "Olde, Margareth"]
[Result "0-1"]
[WhiteTitle "WFM"]
[BlackTitle "WIM"]
[WhiteElo "1960"]
[BlackElo "2214"]
[WhiteFideId "11511729"]
[BlackFideId "4503082"]
[EventDate "2025.12.29"]

1. e4 d6 2. d4 Nf6 3. Nc3 e5 4. Nge2 Nbd7 5. g3 Be7 6. Bg2 O-O 7. O-O c6 8. a4
b6 9. h3 Bb7 10. f4 exd4 11. Nxd4 d5 12. e5 Ne8 13. Nf3 Bc5+ 14. Kh2 Nc7 15. Qe2
Ba6 16. Qe1 Bxf1 17. Qxf1 Qe7 18. Bd2 f6 19. Re1 fxe5 20. Nxe5 Nxe5 21. Rxe5
Qxe5 22. fxe5 Rxf1 23. Bxf1 Bd4 24. Nd1 Bxe5 25. Kg2 Ne6 26. c3 Nc5 27. a5 Nb3
28. Be1 Nxa5 29. Ne3 Nb3 30. Nf5 Re8 31. Bf2 Nc5 32. g4 g6 33. Ne3 Ne4 34. Bh4
Bf4 35. Nc2 Bg5 36. Be1 Nd2 37. Bd3 Nc4 38. b3 Ne3+ 39. Nxe3 Rxe3 0-1

[Event "World Blitz Women 2025"]
[Site "Doha QAT"]
[Date "2025.12.30"]
[Round "11.63"]
[White "Yakubbaeva, Nilufar"]
[Black "Druzhinina, Olga"]
[Result "1-0"]
[WhiteTitle "WGM"]
[BlackTitle "WFM"]
[WhiteElo "2229"]
[BlackElo "2175"]
[WhiteFideId "14204487"]
[BlackFideId "4141911"]
[EventDate "2025.12.29"]

1. Nf3 Nf6 2. e3 g6 3. b3 Bg7 4. Bb2 O-O 5. c4 d5 6. cxd5 Nxd5 7. Bxg7 Kxg7 8.
Be2 c5 9. O-O Nc6 10. Qc1 b6 11. d4 Bf5 12. dxc5 Rc8 13. Nbd2 e5 14. Ba6 Rc7 15.
e4 Ndb4 16. exf5 Nxa6 17. cxb6 axb6 18. Qb2 f6 19. fxg6 hxg6 20. Rac1 Nc5 21.
Rc3 e4 22. Nh4 Rh8 23. g3 Nd4 24. Nxe4 Re7 25. Nxc5 Ne2+ 26. Kg2 Nxc3 27. Qxc3
Qd5+ 28. Nf3 bxc5 29. Rc1 Rc7 30. Qa5 Re7 31. Qxc5 Qd7 32. a4 Qb7 33. b4 Rh5 34.
Qc3 Qd7 35. a5 Rd5 36. a6 Rd3 37. Qc6 Qf5 38. b5 Ra3 39. Nd4 Qe5 40. Qc5 Qe4+
41. Kg1 Ra2 42. Rf1 Rd7 43. Nc6 Rdd2 44. Qe7+ Qxe7 45. Nxe7 Rdb2 46. Rc1 Rxb5
47. Rc7 Kh6 48. a7 Rb1+ 49. Kg2 Rbb2 50. Ng8+ Kg5 51. h4+ Kf5 52. Rc5+ Ke6 53.
Rc6+ Kd5 54. Rxf6 Rxa7 55. Nh6 Rh7 56. Ng4 Rb4 57. Rxg6 Ra4 58. Nf6+ 1-0

[Event "World Blitz Women 2025"]
[Site "Doha QAT"]
[Date "2025.12.30"]
[Round "11.64"]
[White "Zvereva, Marija"]
[Black "Li, Xueyi"]
[Result "1/2-1/2"]
[WhiteTitle "WIM"]
[BlackTitle "WGM"]
[WhiteElo "2007"]
[BlackElo "2202"]
[WhiteFideId "4121082"]
[BlackFideId "8605912"]
[EventDate "2025.12.29"]

1. c4 c6 2. g3 d5 3. b3 Nf6 4. Bg2 Bf5 5. Nf3 h6 6. O-O e6 7. Bb2 Nbd7 8. d3 Bd6
9. Nbd2 O-O 10. e4 dxe4 11. dxe4 Bxe4 12. Nxe4 Nxe4 13. Nh4 Ndf6 14. Qc2 Ng5 15.
Rad1 Qe7 16. Bxf6 gxf6 17. Nf3 Nxf3+ 18. Bxf3 Rad8 19. Qe4 f5 20. Qe3 Qf6 21.
Qxa7 Be5 22. Qxb7 c5 23. Qb6 Bd4 24. Qc7 Kh7 25. a4 Rg8 26. a5 f4 27. Bg2 fxg3
28. hxg3 Rc8 29. Qd6 Rgd8 30. Qb6 Rb8 31. Qc7 Rdc8 32. Qd6 Rd8 33. Qc6 Rdc8 34.
Qd6 Rd8 35. Qc6 Rdc8 1/2-1/2

[Event "World Blitz Women 2025"]
[Site "Doha QAT"]
[Date "2025.12.30"]
[Round "11.65"]
[White "Miranda Rodriguez, Tania"]
[Black "Lau, Chloe Hailey"]
[Result "1-0"]
[WhiteTitle "WIM"]
[WhiteElo "2051"]
[BlackElo "1562"]
[WhiteFideId "3510417"]
[BlackFideId "6012469"]
[EventDate "2025.12.29"]

1. e4 c6 2. Nc3 d5 3. d4 dxe4 4. Nxe4 Bf5 5. Ng3 Bg6 6. Nh3 e6 7. Nf4 Bd6 8. h4
Bxf4 9. Bxf4 h6 10. Bd3 Bxd3 11. Qxd3 Nf6 12. O-O-O Nbd7 13. Bd6 Qa5 14. Kb1
O-O-O 15. Be7 Rde8 16. Ba3 e5 17. Nf5 e4 18. Nd6+ Kb8 19. Qg3 Nh5 20. Qb3 Nb6
21. Qxf7 Qa6 22. Nxe8 Na4 23. Bd6+ Ka8 24. Nc7+ 1-0

[Event "World Blitz Women 2025"]
[Site "Doha QAT"]
[Date "2025.12.30"]
[Round "11.66"]
[White "Mgeladze, Kesaria"]
[Black "Fawaz, Nadia"]
[Result "1-0"]
[WhiteTitle "WIM"]
[BlackTitle "WFM"]
[WhiteElo "2195"]
[BlackElo "1957"]
[WhiteFideId "13621130"]
[BlackFideId "5309743"]
[EventDate "2025.12.29"]

1. Nf3 d5 2. g3 c5 3. Bg2 Nf6 4. O-O Nc6 5. d4 cxd4 6. Nxd4 e5 7. Nxc6 bxc6 8.
c4 Be6 9. Nc3 Be7 10. Bg5 e4 11. cxd5 cxd5 12. Qa4+ Qd7 13. Qxd7+ Nxd7 14. Bxe7
Kxe7 15. Rfd1 Nf6 16. Rac1 a6 17. b3 Rac8 18. Na4 Rxc1 19. Rxc1 Rc8 20. Rxc8
Bxc8 21. Nc5 Kd6 22. Na4 Bd7 23. Nb2 Kc5 24. a3 Kd4 25. Nd1 Bb5 26. Bf1 Kc5 27.
Nc3 Bc6 28. e3 Bb7 29. b4+ Kd6 30. Na4 Nd7 31. Be2 Bc6 32. Nc3 Bb7 33. Kf1 Ne5
34. Ke1 Nd7 35. Kd2 Nb6 36. a4 Nc8 37. a5 Na7 38. Na4 Nc6 39. Kc3 Nd8 40. Nc5
Bc8 41. Bxa6 Bf5 42. Be2 Nc6 43. a6 Na7 44. Kd4 Nc6+ 45. Kc3 Na7 46. Nb3 Kc6 47.
Nd4+ Kd6 48. Nxf5+ Ke5 49. Nxg7 Kf6 50. Nh5+ Ke5 51. Nf4 f5 52. b5 Kd6 53. Kb4 1-0

[Event "World Blitz Women 2025"]
[Site "Doha QAT"]
[Date "2025.12.30"]
[Round "11.67"]
[White "Sharma, Isha"]
[Black "Rouda Essa, Alserkal"]
[Result "1-0"]
[WhiteTitle "WIM"]
[BlackTitle "WGM"]
[WhiteElo "2245"]
[BlackElo "2052"]
[WhiteFideId "35006665"]
[BlackFideId "9314318"]
[EventDate "2025.12.29"]

1. e4 c5 2. Nf3 Nc6 3. Bc4 e6 4. O-O d5 5. exd5 exd5 6. Re1+ Be6 7. Bb5 Be7 8.
d4 c4 9. Ne5 Qb6 10. Ba4 Nf6 11. c3 O-O 12. Nf3 Bd6 13. Nbd2 Qc7 14. Nf1 Bg4 15.
Bg5 Ne4 16. Bh4 h6 17. Bg3 Nxg3 18. hxg3 f5 19. Ne3 Ne7 20. Nxg4 fxg4 21. Ne5 h5
22. Bc2 Rae8 23. Qd2 Nc6 24. Ng6 Rxe1+ 25. Rxe1 Rd8 26. Qg5 h4 27. Qxd5+ Kh7 28.
Qh5+ Kg8 29. Qd5+ Qf7 30. Qxf7+ Kxf7 31. Nxh4 b5 32. Be4 Ne7 33. Nf5 Nxf5 34.
Bxf5 b4 35. Be6+ Kf6 36. Bxc4 bxc3 37. bxc3 Rc8 38. Re6+ Kf5 39. Rxd6 Rxc4 40.
Rd5+ Kf6 41. Rd6+ Ke7 42. Rg6 Rxc3 43. Rxg7+ Kf6 44. Rxa7 Rd3 45. Ra4 Rd2 46. f3
Kf5 47. Ra5+ Kf6 48. fxg4 Rxd4 49. g5+ Kg6 50. Kh2 Rc4 51. Kh3 Rc3 52. Kh4 Rc4+
53. g4 Rc2 54. Ra6+ Kg7 55. Kh5 Rxg2 56. Ra7+ Kf8 57. g6 Rh2+ 58. Kg5 Rd2 59. a4
Rc2 60. a5 Rc6 61. Kh6 Rc3 62. g7+ 1-0

[Event "World Blitz Women 2025"]
[Site "Doha QAT"]
[Date "2025.12.30"]
[Round "11.68"]
[White "Al-Khulaifi, Ghada"]
[Black "Alsemairi, Dalia"]
[Result "1-0"]
[WhiteTitle "WCM"]
[BlackTitle "WCM"]
[WhiteElo "1630"]
[BlackElo "1802"]
[WhiteFideId "12100633"]
[BlackFideId "21511217"]
[EventDate "2025.12.29"]

1. d4 d5 2. c4 e6 3. Nc3 c6 4. Bf4 Nf6 5. Nf3 Bd6 6. Bxd6 Qxd6 7. e3 O-O 8. Bd3
Nbd7 9. cxd5 exd5 10. O-O Re8 11. Re1 h6 12. e4 dxe4 13. Nxe4 Nxe4 14. Bxe4 Nf6
15. Qd3 Nxe4 16. Rxe4 Bf5 17. Rxe8+ Rxe8 18. Qxf5 Qb4 19. Ne5 Qe7 20. h3 Qc7 21.
Rd1 c5 22. Rc1 f6 23. Nf3 c4 24. d5 Rd8 1-0

[Event "World Blitz Women 2025"]
[Site "Doha QAT"]
[Date "2025.12.30"]
[Round "11.69"]
[White "Abrar Mohammed Ahmad Almalki"]
[Black "Skaslien, Ingrid"]
[Result "0-1"]
[WhiteElo "1826"]
[BlackElo "2029"]
[WhiteFideId "21543143"]
[BlackFideId "1520660"]
[EventDate "2025.12.29"]

1. e4 e6 2. Nf3 d5 3. exd5 exd5 4. d4 Bd6 5. c4 Ne7 6. c5 Nbc6 7. cxd6 Qxd6 8.
Nc3 Bg4 9. Be3 Nf5 10. Be2 O-O-O 11. O-O Rde8 12. Qd3 f6 13. a3 h5 14. h3 Nxe3
15. fxe3 Bd7 16. e4 Qe7 17. exd5 Nd8 18. Rfe1 Qd6 19. Nh2 g5 20. Bf3 Ref8 21.
Re2 f5 22. g3 g4 23. Bg2 f4 24. gxf4 Rxf4 25. Rf1 Rhf8 26. Rxf4 Qxf4 27. hxg4
hxg4 28. Re1 Rh8 29. Nf1 Bf5 30. Qe2 Qxd4+ 31. Ne3 Bd7 32. Rd1 Qe5 33. Qf2 Qh2+
34. Kf1 g3 35. Qf3 Bh3 36. Rd2 Bd7 37. Ne2 Rg8 38. Nf4 Rf8 39. Rd4 Bb5+ 40. Ke1
Qg1+ 41. Qf1 Qxe3+ 42. Kd1 Qxd4+ 43. Kc1 Qxf4+ 0-1

[Event "World Blitz Women 2025"]
[Site "Doha QAT"]
[Date "2025.12.30"]
[Round "11.70"]
[White "Echcharbiny, Wissal"]
[Black "Alotaibi, Maitha Abdulrahman A"]
[Result "1-0"]
[WhiteElo "1726"]
[BlackElo "1600"]
[WhiteFideId "9014853"]
[BlackFideId "21524009"]
[EventDate "2025.12.29"]

1. d4 f5 2. e3 Nf6 3. Bd3 e6 4. Nd2 Be7 5. f4 O-O 6. Ngf3 Nc6 7. c3 d5 8. O-O
Ne4 9. Ne5 Nxe5 10. fxe5 c5 11. Nf3 c4 12. Bc2 b5 13. a3 Bb7 14. Bd2 Qc7 15. Be1
a5 16. Nd2 Bg5 17. Qe2 Rf7 18. Nxe4 fxe4 19. Rxf7 Qxf7 20. Bg3 Rf8 21. Re1 Be7
22. Qg4 Bc8 23. Bd1 Bd7 24. Be2 a4 25. Rf1 Qe8 26. Rxf8+ Qxf8 27. Bf4 Qf7 28.
Qh3 Qg6 29. Bh5 Qf5 30. Bg4 Qg6 31. Bh5 Qf5 32. Qxf5 exf5 33. Be2 Be6 34. Kf2
Kf7 35. Bg3 h6 36. Kf1 Bf8 37. Bf2 Be7 38. h3 Bf8 39. g4 fxg4 40. hxg4 Be7 41.
Kg2 Kg6 42. Kg3 Bd7 43. Bg1 Be6 44. Bh2 Bf8 45. Kf4 Be7 46. Kg3 Bf8 47. Bd1 Be7
48. Bg1 Bf8 49. Bh2 Be7 50. Bg1 Bf8 51. Bf2 Be7 52. Kh3 h5 53. Kg3 hxg4 54. Bxg4
Bxg4 55. Kxg4 Bf8 56. Bh4 1-0

[Event "World Blitz Women 2025"]
[Site "Doha QAT"]
[Date "2025.12.30"]
[Round "12.1"]
[White "Stefanova, Antoaneta"]
[Black "Roebers, Eline"]
[Result "0-1"]
[WhiteTitle "GM"]
[BlackTitle "IM"]
[WhiteElo "2391"]
[BlackElo "2396"]
[WhiteFideId "2902257"]
[BlackFideId "1058401"]
[EventDate "2025.12.29"]

1. Nf3 Nf6 2. g3 g6 3. Bg2 Bg7 4. O-O O-O 5. d4 d6 6. a4 a5 7. Nc3 Nc6 8. e4 e5
9. dxe5 dxe5 10. Be3 Be6 11. h3 Qe7 12. Qe2 Rfd8 13. Rfd1 Qb4 14. Qb5 Bc4 15.
Rxd8+ Rxd8 16. Qxb4 axb4 17. Nb5 Nxe4 18. Nxc7 f5 19. b3 Bf7 20. Re1 h6 21. Bf1
Nc3 22. Nd2 e4 23. f3 Nd4 24. Bxd4 Bxd4+ 25. Kg2 Be5 26. Nc4 Bxc7 27. fxe4 Nxe4
28. Bd3 Bd5 29. Ne3 Bc6 30. Bc4+ Kg7 31. g4 f4 32. Nf1 Ng5+ 33. Kf2 Nxh3+ 34.
Ke2 f3+ 0-1

[Event "World Blitz Women 2025"]
[Site "Doha QAT"]
[Date "2025.12.30"]
[Round "12.2"]
[White "Omonova, Umida"]
[Black "Assaubayeva, Bibisara"]
[Result "0-1"]
[WhiteTitle "WIM"]
[BlackTitle "GM"]
[WhiteElo "2294"]
[BlackElo "2497"]
[WhiteFideId "14210363"]
[BlackFideId "13708694"]
[EventDate "2025.12.29"]

1. e4 c5 2. Nf3 d6 3. Bb5+ Nd7 4. c3 Nf6 5. Bd3 g6 6. O-O Bg7 7. Qe2 O-O 8. Bc2
e5 9. Rd1 Re8 10. a4 b6 11. Na3 Bb7 12. d3 a6 13. b4 d5 14. Rb1 Qc7 15. h3 Rac8
16. Bg5 h6 17. Bxf6 Nxf6 18. Nd2 Nh5 19. g3 Nf6 20. c4 dxe4 21. Nxe4 Nxe4 22.
dxe4 cxb4 23. Rxb4 Bf8 24. Rb3 Bxa3 25. Rxa3 Qxc4 26. Bd3 Qb4 27. Raa1 Rcd8 28.
Bxa6 Bxe4 29. Bb5 Rf8 30. Re1 Rd4 31. Qe3 h5 32. Rac1 Qd6 33. Rc4 Rxc4 34. Bxc4
Ba8 35. Bf1 Qc6 36. f3 Qxa4 37. Qxe5 Qc6 38. Bg2 Qc5+ 39. Qxc5 bxc5 40. Rc1 Rc8
41. f4 Bxg2 42. Kxg2 Kg7 43. Kf3 Kf6 44. Ke4 Ke6 45. g4 hxg4 46. hxg4 f5+ 47.
gxf5+ gxf5+ 48. Kd3 Kd5 49. Re1 c4+ 50. Kc3 Rc5 51. Kb4 Kd6 52. Kc3 Kc6 53. Kd4
c3 54. Rc1 c2 55. Kd3 Kd5 56. Ke3 Rc8 57. Kd3 Rc4 58. Ke3 Rc3+ 59. Ke2 Kd4 60.
Kd2 Rc8 61. Ke2 Ke4 62. Kd2 Rc7 63. Ke2 Kxf4 64. Kd3 Rd7+ 65. Ke2 Rc7 66. Kd3
Rc8 67. Kd4 Kg3 68. Ke5 f4 69. Ke4 f3 70. Ke3 f2 71. Ke2 Re8+ 72. Kd3 Re1 73.
Kd4 0-1

[Event "World Blitz Women 2025"]
[Site "Doha QAT"]
[Date "2025.12.30"]
[Round "12.3"]
[White "Song, Yuxin"]
[Black "Goryachkina, Aleksandra"]
[Result "1/2-1/2"]
[WhiteTitle "IM"]
[BlackTitle "GM"]
[WhiteElo "2454"]
[BlackElo "2534"]
[WhiteFideId "8614300"]
[BlackFideId "4147103"]
[EventDate "2025.12.29"]

1. e4 e5 2. Nf3 Nc6 3. Bb5 a6 4. Ba4 Nf6 5. O-O Be7 6. d3 b5 7. Bb3 d6 8. a4 Bd7
9. c3 O-O 10. Bc2 h6 11. Re1 Re8 12. h3 Bf8 13. Nbd2 Rb8 14. Nf1 b4 15. Bd2 bxc3
16. bxc3 d5 17. exd5 Nxd5 18. Ng3 Bd6 19. Ne4 Nf6 20. Nxd6 cxd6 21. Rb1 Rxb1 22.
Qxb1 Qc7 23. d4 Rb8 24. Qd1 Be6 25. dxe5 dxe5 26. Qe2 Bd5 27. Be3 a5 28. Rb1
Rxb1+ 29. Bxb1 Qd7 30. Nd2 Qe6 31. c4 Nd4 32. Qd3 Bc6 33. Nb3 Nxb3 34. Qxb3 Qd7
35. Bc2 Bb7 36. Qc3 Qc6 37. f3 Qc7 38. Bf2 Bc6 39. Qd2 Nd7 40. c5 Nf8 41. Qd6
Ne6 42. Bb3 Qxd6 43. cxd6 Nd8 44. Bb6 Nb7 45. Kf2 Kf8 46. Ke3 Ke8 47. g4 f6 48.
h4 Kd7 49. Bc7 Nc5 50. Bc2 Bxa4 51. Bxa4+ Nxa4 52. Bxa5 Nc5 53. Bb4 Nb7 54. g5
hxg5 55. hxg5 Nxd6 56. gxf6 gxf6 57. Bc3 Ke6 58. Bb4 Nf5+ 59. Ke4 Ng3+ 60. Ke3
Kd5 61. Bc3 Nf5+ 62. Kd3 Nd6 63. Ke3 f5 64. Bb4 Nb7 65. Be7 Nc5 66. Bf6 f4+ 67.
Ke2 Kd4 68. Bg7 Na4 69. Bf6 Nc3+ 70. Kf2 Nd5 71. Bg7 Nc7 72. Bf6 Nb5 73. Ke2 Na3
74. Kf2 Nc4 75. Bg7 Kd5 76. Bf6 Ke6 77. Bd8 Nd6 78. Bc7 Nf5 79. Bb6 Kd6 80. Ba5
Nd4 81. Bb6 Nc6 82. Ke2 Ke6 83. Kf2 Kf5 84. Ke2 Ne7 85. Kf2 Nd5 86. Bc5 Kg5 87.
Bd6 Kf6 88. Bc5 Kf5 89. Bd6 Nc3 90. Bc7 Ke6 91. Bb8 Nb5 92. Ke2 Kd5 93. Kf2 Kd4
94. Ke2 Nc3+ 95. Kf2 Kd5 96. Bc7 Ke6 97. Bb8 Kd5 98. Bc7 Kd4 99. Bb6+ Kd3 100.
Bc7 Nd1+ 101. Ke1 Nb2 102. Bxe5 Ke3 103. Bxb2 Kxf3 104. Be5 1/2-1/2

[Event "World Blitz Women 2025"]
[Site "Doha QAT"]
[Date "2025.12.30"]
[Round "12.4"]
[White "Garifullina, Leya"]
[Black "Gunina, Valentina"]
[Result "0-1"]
[WhiteTitle "IM"]
[BlackTitle "GM"]
[WhiteElo "2454"]
[BlackElo "2393"]
[WhiteFideId "34127035"]
[BlackFideId "4167570"]
[EventDate "2025.12.29"]

1. e4 c5 2. Nf3 Nc6 3. Bb5 e5 4. O-O Be7 5. c3 Nf6 6. Re1 O-O 7. d4 cxd4 8. cxd4
exd4 9. e5 Nd5 10. Nxd4 Qb6 11. Bxc6 dxc6 12. Nb3 Be6 13. Bd2 a5 14. Qc2 a4 15.
Nc1 Rfd8 16. a3 h6 17. Nc3 Bc5 18. Rf1 Bd4 19. Nxa4 Qa7 20. Nc3 Bxe5 21. Nxd5
Rxd5 22. Bc3 Bd6 23. Ne2 Bf5 24. Qc1 Bd3 25. Re1 Bc5 26. Kh1 Bxf2 27. Nf4 Bxe1
28. Nxd5 Bxc3 29. Qxc3 Be4 30. Nf4 Qf2 31. Qg3 Qxg3 32. hxg3 Rd8 33. Rc1 Rd2 34.
b4 g5 35. Nh5 Bxg2+ 36. Kg1 Bf3 37. Rc3 Bxh5 0-1

[Event "World Blitz Women 2025"]
[Site "Doha QAT"]
[Date "2025.12.30"]
[Round "12.5"]
[White "Francisco Guecamburu, Candela Be"]
[Black "Muzychuk, Anna"]
[Result "0-1"]
[WhiteTitle "WGM"]
[BlackTitle "GM"]
[WhiteElo "2238"]
[BlackElo "2518"]
[WhiteFideId "160911"]
[BlackFideId "14111330"]
[EventDate "2025.12.29"]

1. e4 e5 2. Nf3 Nc6 3. Bc4 Nf6 4. d4 exd4 5. e5 Ne4 6. Qe2 Nc5 7. O-O Ne6 8. Rd1
d5 9. exd6 Bxd6 10. c3 O-O 11. cxd4 Re8 12. Be3 Nf4 13. Qc2 Qf6 14. Nbd2 Bf5 15.
Qb3 Na5 16. Qc3 Nxc4 17. Qxc4 c6 18. Qb3 Rab8 19. Re1 Nd5 20. Nc4 h6 21. Nfe5
Re7 22. Rac1 Rbe8 23. f4 Bb8 24. g3 a6 25. Bf2 Be6 26. Qf3 Bf5 27. a3 Bc8 28.
Nd3 Bf5 29. Rxe7 Rxe7 30. Nde5 Ba7 31. Rd1 Qe6 32. g4 Bc2 33. Rd2 Bh7 34. f5 Qf6
35. h4 g6 36. fxg6 fxg6 37. Qxf6 Nxf6 38. Rd1 Kg7 39. Kg2 Bg8 40. Ne3 Ne4 41.
Bg1 Be6 42. Kf3 Nf6 43. g5 hxg5 44. hxg5 Nd5 45. N3g4 Re8 46. Kg3 Bf5 47. Re1
Bb8 48. Kg2 Bxg4 49. Rd1 Bxe5 50. dxe5 Bxd1 0-1